| 000 | 01023cam a2200265 a 4500 | ||
|---|---|---|---|
| 001 | 000019566 | ||
| 005 | 20200929170048.0 | ||
| 008 | 810223s1965 sp 001 0bspa d | ||
| 040 |
_aDO-SdBNP _bspa _cDLC _dBNPHU |
||
| 082 |
_a863.6 _bR759a |
||
| 100 | 1 |
_aRomanones, Álvaro Figueroa y Torres, _cconde de, _d1863-1950 _941974 |
|
| 245 | 1 | 0 |
_aAmadeo de Saboya el rey efímero : _bEspaña y los orígenes de la guerra francoprusiana de 1870 / _cConde de Romanones. |
| 260 |
_aMadrid : _bEspasa-Calpe, _c1965. |
||
| 300 |
_a204, [16] p. ; _c18 cm. |
||
| 490 | 1 |
_aAustral. Anaranjada: biografías y vidas novelescas _v1348 |
|
| 600 | 1 | 4 |
_aAMADEO _bI, _cREY DE ESPAÑA, _d1845-1890. _941975 |
| 650 | 4 |
_aNovela española _91123 |
|
| 650 | 4 |
_aLiteratura española _9632 |
|
| 651 | 4 |
_aEspañas _xPolítica Y Gobierno _y1868-1875 _941976 |
|
| 651 | 4 |
_aEspaña _xHistoria _98844 |
|
| 830 | 0 |
_aAustral. _pAnaranjada: biografías y vidas novelescas; _v1348 _93058 |
|
| 910 | _aCatalogación derivada / LC | ||
| 910 | _aWM | ||
| 049 | _aBNGR | ||
| 999 |
_c19082 _d19082 |
||